| 000 | 00852nam a2200217 i 4500 | ||
|---|---|---|---|
| 001 | 168957 | ||
| 003 | ES-MaACL | ||
| 005 | 20250720085723.0 | ||
| 008 | 080707s1995 sp |||| | spa d | ||
| 080 | _a008(460)"18" | ||
| 100 | 1 |
_aHuertas Vázquez, Eduardo _964577 |
|
| 245 | 1 | 3 |
_aLa Joven España _b: Germinal y Gente Nueva / _cpor Eduardo Huertas Vázquez. |
| 260 |
_aMadrid : _bAyuntamiento, Artes Gráf. Municipales, _c1995. |
||
| 300 |
_a61 : _bil. ; _c21 cm. |
||
| 490 | 1 |
_aCiclo de conferencias, Revolución y restauración en Madrid (1868-1902) ; _v23 |
|
| 651 | 4 |
_aEspaña- _xVida intelectual- _yS.XIX. _9138445 |
|
| 710 | 1 |
_aMadrid. _bAyuntamiento _9234069 |
|
| 830 | 0 |
_aCiclo de conferencias, Revolución y restauración en Madrid (1868-1902) ; _v23 _9222777 |
|
| 852 |
_aES-MaACL _j2241-F-20 |
||
| 999 |
_c168957 _d168957 |
||